000 00256nam a22001217a 4500
008 170817b xxu||||| |||| 00| 0 eng d
041 _aeng
080 _a51
100 _a36
101 _aMAT
245 _aADVANCED CALCULUS
_cTAYLOR,A.E
942 _2udc
_cBK
999 _c24026
_d24026